00251nam a2200097Ia 4500008004100000041000800041100002600049245002400075260003500099999001900134241105s9999 xx 000 0 und d aeng aPhalke Snehal9182587 aHill Resort At Kaas bFinal Year B. Arch, BNCAc2014 c360878d360878